| 000 | 00887cam a22001694a 4500 | ||
|---|---|---|---|
| 005 | 20250605163653.0 | ||
| 008 | 250528s ||||||||||||||||||||||||d | ||
| 035 | _a23969 | ||
| 040 |
_aGR-AtMCL _bgre _dGR-AtMCL _eAACR2 |
||
| 245 | 1 | _aSupply Chain and Logistics / Το Περιοδικό για την Εφοδιαστική Αλυσίδα | |
| 260 |
_bParametros Group _bScl Magazine, _c2019 |
||
| 300 | _a160 | ||
| 520 | _aΦάκελος Αποθήκες: Θεσμικό Πλαίσιο και Διαδικασίες Αδειοδότησης Κέντρων Αποθήκευσης και Διανομής (ΚΑΔ), Υφυπουργός Ανάπτυξης και Επενδύσεων : Κοπός μας να Επικαιροποιήσουμε το Εθνικό Σχέδιο Εφοδιαστικής Αλυσίδας. | ||
| 942 | _cCR | ||
| 999 |
_c8880 _d8880 |
||